• 首页
  • 本馆介绍
  • 公告通知
  • 最新文献
  • 馆藏检索
  • 电子资源
  • 读者导购
  • 参考咨询
  • 我的图书馆
  • 登录
  • 详细信息显示
  • 放入我的书架
  • 预约/预借图书
  • 作者相关作品
  • 分类相关作品
  • 丛书相关作品
  • 出版社相关作品

书目信息

  • 表格格式
  • 工作单格式
  • 卡片格式
题名:
美国总统的警卫工作
    
 
作者: ;群众出版社编辑部 编
分册:  
出版信息: 北京   群众出版社  1979
页数: 146页
开本: 19cm
丛书名:
单 册:
中图分类: D771.235
科图分类:
主题词: 总统--警备勤务--工作--美国 , 总统 , 警备勤务
电子资源:
ISBN: 3067.87
000 00747nam0 2200265 450
001 0179002664
005 20100712215534.0
010    @a3067.87@dCNY0.49
091    @a3067.87
100    @a19950713d1979 em y0chiy0110 ea
101 0  @achi
102    @aCN@b110000
105    @ay z 000yy
106    @ar
200 1  @a美国总统的警卫工作@9Mei Guo Zong Tong De;Di Jing Wei Gong Zuo @f群众出版社编辑部编
210    @a北京@c群众出版社@d1979
215    @a146页@d19cm
300    @a内部发行
606 0  @a总统@x警备勤务@x工作@y美国
606 0  @a总统
606 0  @a警备勤务
690    @aD771.235@v3
711 02 @a群众出版社编辑部@9qun zhong chu ban she bian ji bu@4编
801  0 @aCN@bAzMarc@c20130904
905    @aBZT@dD771.235@e5@f4@sD771.235/5
    
    美国总统的警卫工作/群众出版社编辑部编.-北京:群众出版社,1979
    146页;19cm
    内部发行
    
    ISBN 3067.87:CNY0.49
    
●
相关链接 在五车中查询图书 在当当中查询图书 在豆瓣中查询图书


正题名:美国总统的警卫工作     索取号:D771.235/5         预约/预借

序号 登录号 条形码 馆藏地/架位号 状态 备注
1 2000033635   2000033635   旧书回溯/ [索取号:D771.235/5] 在馆    
2 2000132903   2000132903   旧书回溯/ [索取号:D771.235/5] 在馆    
3 2000133584   2000133584   旧书回溯/ [索取号:D771.235/5] 在馆    
4 2000133585   2000133585   旧书回溯/ [索取号:D771.235/5] 在馆    
山东省滨州职业学院图书馆 欢迎您!
大连网信软件有限公司© 版权所有